00471nam a2200157 a 450000100080000000500110000800800410001910000200006024501140008026000280019430000100022249000240023265300110025665300170026765300290028411020432011-11-08 2010 bl uuuu m 00u1 u #d1 aSOUZA, Z. da S. aMelhoramento da batata para processamento industrial em condi????es subtropical e temperada do sul do Brasil. aSanta Maria: UFSMc2010 a151p. a(Tese de Doutorado) aBatata aMelhoramento aProcessamento industrial